[Event "26th Klatovy A 2018"]
[Site "Klatovy CZE"]
[Date "2018.06.30"]
[Round "1.26"]
[White "Hacaperka, Michal"]
[Black "Eret, Matous"]
[Result "0-1"]
[WhiteElo "1890"]
[BlackElo "2184"]
[PlyCount "97"]
[EventDate "2018.06.30"]
[EventType "swiss"]
[EventRounds "9"]
[EventCountry "CZE"]

1. e4 e6 2. d3 b6 3. Nf3 Bb7 4. g3 d6 5. Bg2 Nd7 6. O-O Ngf6 7. Nc3 g6 8. Re1 e5 9. h3 Bg7 10. Be3 O-O 11. Qd2 Re8 12. Bh6 c6 13. Nh4 Nf8 14. Bxg7 Kxg7 15. f4 h5 16. f5 N8h7 17. Rf1 g5 18. Nf3 Nd7 19. h4 f6 20. hxg5 fxg5 21. Rf2 Qf6 22. Raf1 b5 23. b4 a6 24. d4 Rad8 25. d5 c5 26. a3 Rc8 27. Ne2 Nb6 28. Kh1 Re7 29. g4 cxb4 30. Ng3 Kh8 31. Nxh5 Qh6 32. Nh4 Rf7 33. Ng6+ Kg8 34. Kg1 Nf8 35. Nxf8 Kxf8 36. Qxb4 Nc4 37. a4 Ne3 38. f6 Nxg4 39. Qxd6+ Kg8 40. Bh3 Qxh5 41. Bxg4 Qxg4+ 42. Rg2 Qxe4 43. Rxg5+ Kh7 44. Rf2 Qe1+ 45. Kg2 Rg8 46. Rxg8 Kxg8 47. Qd8+ Kh7 48. Qe8 Bxd5+ 49. Kh3 0-1

[Event "26th Klatovy A 2018"]
[Site "Klatovy CZE"]
[Date "2018.06.30"]
[Round "1.27"]
[White "Dolansky, Lukas"]
[Black "Hak, David"]
[Result "1/2-1/2"]
[WhiteElo "2184"]
[BlackElo "1886"]
[PlyCount "71"]
[EventDate "2018.06.30"]
[EventType "swiss"]
[EventRounds "9"]
[EventCountry "CZE"]

1. c4 Nf6 2. Nc3 g6 3. g3 Bg7 4. Bg2 O-O 5. e3 e6 6. d4 d5 7. b3 c6 8. Nge2 a6 9. O-O b5 10. cxb5 axb5 11. a4 bxa4 12. Rxa4 Ba6 13. Qc2 Nfd7 14. Bb2 Nb6 15. Ra3 N8d7 16. Rfa1 Qc8 17. Na4 Nxa4 18. Rxa4 Qb7 19. Nc3 c5 20. dxc5 Nxc5 21. Nxd5 exd5 22. Qxc5 Bxb2 23. Bxd5 Rac8 24. Qd6 Qb8 25. Qxa6 Bxa1 26. Rxa1 Rfd8 27. Rd1 Qe5 28. Qa5 Kg7 29. b4 Rc7 30. e4 f5 31. f3 Qc3 32. Qb6 Rb8 33. Qxb8 Qe3+ 34. Kf1 Qxf3+ 35. Ke1 Qe3+ 36. Kf1 1/2-1/2

[Event "26th Klatovy A 2018"]
[Site "Klatovy CZE"]
[Date "2018.06.30"]
[Round "1.28"]
[White "Danek, Vaclav"]
[Black "Simet, Martin"]
[Result "0-1"]
[WhiteElo "1885"]
[BlackElo "2182"]
[PlyCount "32"]
[EventDate "2018.06.30"]
[EventType "swiss"]
[EventRounds "9"]
[EventCountry "CZE"]

1. e4 c5 2. c4 g6 3. Nc3 Bg7 4. g3 d6 5. Bg2 Nc6 6. Nge2 Ne5 7. d3 Bg4 8. O-O Nf3+ 9. Kh1 h5 10. Qc2 h4 11. Ng1 Nd4 12. Qa4+ Kf8 13. h3 hxg3 14. fxg3 Qc8 15. Kh2 Nf6 16. Be3 Bd7 0-1

[Event "26th Klatovy A 2018"]
[Site "Klatovy CZE"]
[Date "2018.06.30"]
[Round "1.29"]
[White "Hurdzan, Tomas"]
[Black "Kubat, Martin"]
[Result "1-0"]
[WhiteElo "2164"]
[BlackElo "1881"]
[PlyCount "65"]
[EventDate "2018.06.30"]
[EventType "swiss"]
[EventRounds "9"]
[EventCountry "CZE"]

1. e4 c5 2. Nf3 d6 3. d4 cxd4 4. Nxd4 Nf6 5. Nc3 g6 6. Be2 Bg7 7. O-O O-O 8. Nb3 Nc6 9. Bg5 Be6 10. Kh1 Rc8 11. f4 Kh8 12. Bf3 Nd7 13. Rb1 Bc4 14. Re1 Nb6 15. Nd5 f6 16. Bh4 e5 17. Bg3 f5 18. Nxb6 axb6 19. exf5 gxf5 20. Bxc6 bxc6 21. fxe5 f4 22. e6 Qg5 23. Qd2 Be5 24. Nd4 Qh5 25. e7 Rf6 26. Bf2 Bd5 27. c4 f3 28. Rxe5 dxe5 29. cxd5 Qg6 30. Rg1 cxd5 31. Nxf3 e4 32. Bd4 exf3 33. Qf4 1-0

[Event "26th Klatovy A 2018"]
[Site "Klatovy CZE"]
[Date "2018.06.30"]
[Round "1.30"]
[White "Skypala, Ondrej"]
[Black "Kozak, Milos"]
[Result "1/2-1/2"]
[WhiteElo "1852"]
[BlackElo "2156"]
[PlyCount "86"]
[EventDate "2018.06.30"]
[EventType "swiss"]
[EventRounds "9"]
[EventCountry "CZE"]

1. e4 c6 2. d4 d5 3. exd5 cxd5 4. c4 Nf6 5. Nc3 Nc6 6. Nf3 Bg4 7. cxd5 Nxd5 8. Bc4 e6 9. Bb5 Rc8 10. h3 Bxf3 11. Qxf3 Be7 12. Nxd5 Qxd5 13. Qxd5 exd5 14. Be3 O-O 15. O-O Bf6 16. Rfd1 Ne7 17. g4 g5 18. f4 gxf4 19. Bxf4 Ng6 20. Bg3 Rc2 21. Rab1 Bg5 22. Bd3 Rc6 23. Kg2 Re8 24. Re1 Rce6 25. Rxe6 Rxe6 26. Bxg6 hxg6 27. Re1 Bf6 28. Rxe6 fxe6 29. Bf2 g5 30. Kf3 a6 31. a4 Kf7 32. Ke3 e5 33. dxe5 Bxe5 34. b3 Ke6 35. h4 gxh4 36. Bxh4 Bc7 37. Kd3 Bb6 38. Bg3 Bc5 39. Bf4 Bb6 40. Be3 Bc7 41. Bd4 Bd8 42. b4 b5 43. a5 Be7 1/2-1/2

[Event "26th Klatovy A 2018"]
[Site "Klatovy CZE"]
[Date "2018.06.30"]
[Round "1.31"]
[White "Bartos, Jan"]
[Black "Hlozek, David"]
[Result "1/2-1/2"]
[WhiteElo "2153"]
[BlackElo "1852"]
[PlyCount "84"]
[EventDate "2018.06.30"]
[EventType "swiss"]
[EventRounds "9"]
[EventCountry "CZE"]

1. d4 d5 2. c4 dxc4 3. Nf3 Nf6 4. e3 e6 5. Bxc4 a6 6. O-O c5 7. dxc5 Qxd1 8. Rxd1 Bxc5 9. Be2 Nc6 10. Nbd2 Ke7 11. b3 Rd8 12. Bb2 Bd7 13. Rac1 Bb4 14. Nc4 Be8 15. Nfe5 Nxe5 16. Bxe5 Rac8 17. a3 Bc5 18. b4 Ba7 19. Rxd8 Rxd8 20. Na5 Rd2 21. Bf3 Bb5 22. Nxb7 Bb6 23. Bc7 Nd7 24. Bxb6 Nxb6 25. h3 Ra2 26. Rc7+ Nd7 27. Rc3 Ne5 28. Nc5 Ra1+ 29. Kh2 Nxf3+ 30. gxf3 Kd6 31. Nb7+ Kd7 32. Nc5+ Ke7 33. e4 e5 34. Nb7 Kd7 35. Nc5+ Ke7 36. a4 Bxa4 37. Nxa6 Re1 38. Nc7 Kd6 39. Nd5 Bc6 40. Rd3 Ke6 41. Nc7+ Ke7 42. Nd5+ Ke6 1/2-1/2

[Event "26th Klatovy A 2018"]
[Site "Klatovy CZE"]
[Date "2018.06.30"]
[Round "1.32"]
[White "Flajsman, Pavel"]
[Black "Palek, Miroslav"]
[Result "0-1"]
[WhiteElo "1828"]
[BlackElo "2153"]
[PlyCount "118"]
[EventDate "2018.06.30"]
[EventType "swiss"]
[EventRounds "9"]
[EventCountry "CZE"]

1. e4 c5 2. Nc3 Nc6 3. Nf3 g6 4. d4 cxd4 5. Nxd4 Bg7 6. Nde2 Nf6 7. g3 b5 8. Bg2 b4 9. Nd5 Rb8 10. a3 a5 11. axb4 axb4 12. O-O O-O 13. Bf4 d6 14. Qc1 Nxd5 15. exd5 Nd4 16. Nxd4 Bxd4 17. c3 bxc3 18. bxc3 Bf6 19. Bg5 Be5 20. Bf4 Bh8 21. Re1 Qc7 22. Ra3 Bf5 23. Qe3 Rb7 24. h3 Rfb8 25. g4 Bc2 26. Kh2 Bb3 27. Rxb3 Rxb3 28. Qxe7 Qxe7 29. Rxe7 Rd8 30. c4 Bd4 31. Be3 Kf8 32. Re4 Bxe3 33. Rxe3 Rxe3 34. fxe3 Rc8 35. Kg3 Rxc4 36. Bf3 g5 37. Be2 Rb4 38. Bf3 Ke7 39. Be2 Kf6 40. Bf3 Ke5 41. Bh1 Rb3 42. Kf2 Rb2+ 43. Kg3 Re2 44. Kf3 Rh2 45. Bg2 Kxd5 46. Bf1 Ke5 47. Kg3 Rh1 48. Bd3 h6 49. Bh7 d5 50. Kg2 Ra1 51. Bg8 f6 52. Bh7 Ra2+ 53. Kf3 Ra3 54. Kf2 d4 55. exd4+ Kxd4 56. Kg2 Ke5 57. Bg8 Kf4 58. Kh2 Rd3 59. Bc4 Rd2+ 0-1

[Event "26th Klatovy A 2018"]
[Site "Klatovy CZE"]
[Date "2018.06.30"]
[Round "1.33"]
[White "Kaderabek, Jiri"]
[Black "Vilimova, Julie"]
[Result "1-0"]
[WhiteElo "2125"]
[BlackElo "1826"]
[PlyCount "79"]
[EventDate "2018.06.30"]
[EventType "swiss"]
[EventRounds "9"]
[EventCountry "CZE"]

1. d4 Nf6 2. Nf3 g6 3. g3 Bg7 4. Bg2 O-O 5. O-O d6 6. c4 Nc6 7. Nc3 Bf5 8. b3 Ne4 9. Bb2 Na5 10. Nh4 Nxc3 11. Bxc3 c5 12. Nxf5 gxf5 13. e3 Rc8 14. Qd3 e6 15. Rfd1 Nc6 16. Rac1 cxd4 17. exd4 Qc7 18. d5 Bxc3 19. dxc6 Bb4 20. cxb7 Rcd8 21. Qf3 Ba3 22. Rb1 Qa5 23. Qc6 Qc3 24. Qf3 Qc2 25. Qd3 Qxd3 26. Rxd3 Bc5 27. b4 Bb6 28. Ra3 Rb8 29. Rc1 Bd4 30. Rd1 e5 31. Bd5 Kg7 32. Kf1 Rfe8 33. Ra6 Red8 34. Rxd4 exd4 35. Ke2 Rd7 36. Rxa7 Kf6 37. Kd3 Ke7 38. a4 Kd8 39. a5 Kc7 40. b5 1-0

[Event "26th Klatovy A 2018"]
[Site "Klatovy CZE"]
[Date "2018.06.30"]
[Round "1.34"]
[White "Lhotsky, Zdenek"]
[Black "Tscharotschkin, Michael"]
[Result "0-1"]
[WhiteElo "1825"]
[BlackElo "2124"]
[PlyCount "58"]
[EventDate "2018.06.30"]
[EventType "swiss"]
[EventRounds "9"]
[EventCountry "CZE"]

1. e4 e6 2. d4 d5 3. e5 c5 4. c3 Nc6 5. Nf3 Bd7 6. a3 a5 7. Be2 a4 8. c4 dxc4 9. dxc5 Bxc5 10. Bxc4 Qc7 11. Qe2 Nd4 12. Nxd4 Bxd4 13. Bf4 Rc8 14. Bd3 Qa5+ 15. Nd2 Bxb2 16. Rb1 Ne7 17. O-O Nd5 18. Nc4 Nxf4 19. Qf3 Rxc4 20. Bxc4 Bxe5 21. Rxb7 Qc5 22. Rc1 Bc6 23. Qxc6+ Qxc6 24. Bb5 Ne2+ 25. Kf1 Nxc1 26. Bxc6+ Kf8 27. Rd7 g5 28. Bxa4 Kg7 29. Ke1 Ra8 0-1

[Event "26th Klatovy A 2018"]
[Site "Klatovy CZE"]
[Date "2018.06.30"]
[Round "1.35"]
[White "Krutsky, Martin"]
[Black "Bartos, Karel"]
[Result "1/2-1/2"]
[WhiteElo "2123"]
[BlackElo "1823"]
[PlyCount "72"]
[EventDate "2018.06.30"]
[EventType "swiss"]
[EventRounds "9"]
[EventCountry "CZE"]

1. e4 d5 2. exd5 Qxd5 3. Nc3 Qa5 4. d4 Nf6 5. Nf3 c6 6. Bc4 Bf5 7. Bd2 e6 8. Qe2 Bb4 9. Ne5 Nbd7 10. O-O-O Nxe5 11. dxe5 Nd5 12. Ne4 Bxd2+ 13. Rxd2 Bxe4 14. Qxe4 O-O-O 15. Rhd1 Qc7 16. Bb3 h5 17. f4 g6 18. g3 Ne7 19. h3 Rxd2 20. Rxd2 Rd8 21. g4 Rxd2 22. Kxd2 hxg4 23. hxg4 Qa5+ 24. c3 Qc5 25. Qe3 Qxe3+ 26. Kxe3 Nd5+ 27. Ke4 Kd7 28. f5 gxf5+ 29. gxf5 Ne7 30. fxe6+ fxe6 31. Bd1 Nd5 32. c4 Nc7 33. b4 Na6 34. a3 c5 35. bxc5 Nxc5+ 36. Kd4 b6 1/2-1/2

[Event "26th Klatovy A 2018"]
[Site "Klatovy CZE"]
[Date "2018.06.30"]
[Round "1.36"]
[White "Pavlicek, Lukas"]
[Black "Chmel, Kristian"]
[Result "0-1"]
[WhiteElo "1819"]
[BlackElo "2121"]
[PlyCount "76"]
[EventDate "2018.06.30"]
[EventType "swiss"]
[EventRounds "9"]
[EventCountry "CZE"]

1. c4 Nf6 2. Nc3 d5 3. cxd5 Nxd5 4. g3 g6 5. Bg2 Nb6 6. Nf3 Bg7 7. d3 O-O 8. h4 h5 9. Qc2 Nc6 10. a3 Bg4 11. Be3 e5 12. Ne4 Nd5 13. Nc5 Nxe3 14. fxe3 Qc8 15. Ng5 Nd8 16. Rb1 Rb8 17. Qc4 Kh8 18. Bd5 f6 19. Nge6 c6 20. Nxf8 cxd5 21. Nxg6+ Kh7 22. Qxd5 Kxg6 23. Kd2 b6 24. Ne4 Be6 25. Qd6 Nf7 26. Qb4 a5 27. Qa4 Qd8 28. Rhc1 b5 29. Qd1 Ba2 30. Ra1 Bd5 31. Nc5 Bh6 32. b4 a4 33. Qg1 f5 34. Rf1 Nd6 35. Qf2 Bb3 36. Kc3 Rc8 37. Kb2 Nc4+ 38. Kc3 Nxe3 0-1

[Event "26th Klatovy A 2018"]
[Site "Klatovy CZE"]
[Date "2018.06.30"]
[Round "1.37"]
[White "Brejnik, Gustav"]
[Black "Svanda, Adam"]
[Result "1-0"]
[WhiteElo "2120"]
[BlackElo "1814"]
[PlyCount "69"]
[EventDate "2018.06.30"]
[EventType "swiss"]
[EventRounds "9"]
[EventCountry "CZE"]

1. d4 Nf6 2. c4 c5 3. d5 b5 4. cxb5 a6 5. bxa6 g6 6. Nc3 Bxa6 7. e4 Bxf1 8. Kxf1 d6 9. Nf3 Nbd7 10. g3 Bg7 11. Kg2 O-O 12. a4 Qb6 13. Qe2 Rfb8 14. Nb5 Ne8 15. Nd2 Nc7 16. Nc4 Qb7 17. Nxc7 Qxc7 18. a5 Ra7 19. Bf4 Qb7 20. Ra2 Ra6 21. Rb1 Rba8 22. b3 R8a7 23. Qc2 Qa8 24. Ra4 Qd8 25. b4 cxb4 26. Raxb4 Bd4 27. Qd3 Bc5 28. R4b2 Kg7 29. Qc3+ f6 30. Rb7 Rxb7 31. Rxb7 Ne5 32. Bxe5 dxe5 33. Qb3 Ra7 34. Rxa7 Bxa7 35. Qb7 1-0

[Event "26th Klatovy A 2018"]
[Site "Klatovy CZE"]
[Date "2018.06.30"]
[Round "1.38"]
[White "Seemann, Jakub"]
[Black "Pick, Stepan"]
[Result "1-0"]
[WhiteElo "1814"]
[BlackElo "2113"]
[PlyCount "89"]
[EventDate "2018.06.30"]
[EventType "swiss"]
[EventRounds "9"]
[EventCountry "CZE"]

1. e4 d6 2. d4 Nf6 3. Nc3 g6 4. f4 Bg7 5. Nf3 O-O 6. Bd3 Nc6 7. O-O e5 8. fxe5 dxe5 9. d5 Ne7 10. Nxe5 c6 11. Bg5 cxd5 12. Qf3 dxe4 13. Nxe4 Nxe4 14. Qxe4 Qb6+ 15. Be3 Qe6 16. Bd4 Qd5 17. Rae1 Be6 18. Qxd5 Nxd5 19. c3 Rfd8 20. g3 Rac8 21. a3 a6 22. Nf3 Re8 23. Bxg7 Kxg7 24. Ng5 Nc7 25. Nxe6+ Rxe6 26. Bc4 Rxe1 27. Rxe1 Re8 28. Rxe8 Nxe8 29. Bd5 Nd6 30. c4 b6 31. b4 Kf6 32. c5 bxc5 33. bxc5 Nb5 34. a4 Nc3 35. Bb7 Ke5 36. a5 Na4 37. Bxa6 Nxc5 38. Bc8 h5 39. a6 Na4 40. a7 Nb6 41. Bb7 f5 42. h3 g5 43. Kf2 g4 44. hxg4 fxg4 45. Ke3 1-0

[Event "26th Klatovy A 2018"]
[Site "Klatovy CZE"]
[Date "2018.06.30"]
[Round "1.39"]
[White "Kotal, Vaclav"]
[Black "Kantor, Jozef"]
[Result "1-0"]
[WhiteElo "2101"]
[BlackElo "1813"]
[PlyCount "49"]
[EventDate "2018.06.30"]
[EventType "swiss"]
[EventRounds "9"]
[EventCountry "CZE"]

1. e4 d6 2. d4 Nf6 3. Nc3 c6 4. f3 Qc7 5. Be3 e5 6. g4 Be7 7. Nge2 Na6 8. Ng3 exd4 9. Qxd4 Nc5 10. g5 Ne6 11. Qd2 Nd7 12. Nf5 Ne5 13. Be2 g6 14. Nxe7 Kxe7 15. f4 Nd7 16. f5 Nec5 17. f6+ Kd8 18. O-O-O Re8 19. Bf4 Nxe4 20. Nxe4 Rxe4 21. Bxd6 Qb6 22. Bf3 Re6 23. Bg4 Re4 24. Bxd7 Bxd7 25. Be7+ 1-0

[Event "26th Klatovy A 2018"]
[Site "Klatovy CZE"]
[Date "2018.06.30"]
[Round "1.40"]
[White "Kaspar, Lukas"]
[Black "Routner, Jakub"]
[Result "0-1"]
[WhiteElo "1799"]
[BlackElo "2096"]
[PlyCount "68"]
[EventDate "2018.06.30"]
[EventType "swiss"]
[EventRounds "9"]
[EventCountry "CZE"]

1. e4 c5 2. Nf3 e6 3. d4 cxd4 4. Nxd4 Nf6 5. Nc3 Bb4 6. Qf3 Nc6 7. Nxc6 bxc6 8. Bg5 h6 9. Bd2 d5 10. exd5 cxd5 11. a3 Bd6 12. Bb5+ Bd7 13. O-O Qb8 14. Bxd7+ Nxd7 15. Qg4 Bxh2+ 16. Kh1 Be5 17. Rae1 Nf6 18. Qa4+ Kf8 19. f4 Bxc3 20. Bxc3 Ne4 21. Be5 Qe8 22. Qb4+ Kg8 23. c4 Ng3+ 24. Kg1 Nxf1 25. Rxf1 dxc4 26. Qxc4 Rc8 27. Qb4 Qc6 28. Rf3 f6 29. Bd4 a6 30. Rg3 Kf7 31. Rxg7+ Kxg7 32. Qe7+ Kg8 33. Qxf6 e5 34. Qxe5 Rh7 0-1

[Event "26th Klatovy A 2018"]
[Site "Klatovy CZE"]
[Date "2018.06.30"]
[Round "1.41"]
[White "Stinka, Jakub"]
[Black "Novak, Vaclav2"]
[Result "1/2-1/2"]
[WhiteElo "2093"]
[BlackElo "1778"]
[PlyCount "126"]
[EventDate "2018.06.30"]
[EventType "swiss"]
[EventRounds "9"]
[EventCountry "CZE"]

1. e4 e5 2. Nf3 Nc6 3. Bb5 a6 4. Ba4 Nf6 5. O-O b5 6. Bb3 Be7 7. Re1 d6 8. c3 h6 9. h3 Be6 10. Bxe6 fxe6 11. d4 exd4 12. cxd4 O-O 13. Nc3 Qd7 14. a3 Rf7 15. Be3 Raf8 16. Rc1 Na5 17. e5 Nd5 18. Nxd5 exd5 19. Bd2 Rxf3 20. e6 Qe8 21. gxf3 Nc4 22. f4 Qg6+ 23. Kh2 Nxb2 24. Qf3 Nc4 25. Be3 Qxe6 26. Rg1 Kh7 27. Rg2 Qf5 28. Rcg1 Rf7 29. Qg3 Bf6 30. Qg4 Qxg4 31. hxg4 Nxa3 32. g5 Nc4 33. g6+ Kg8 34. gxf7+ Kxf7 35. Ra1 a5 36. f5 a4 37. Rgg1 a3 38. Rgb1 c6 39. Ra2 Ke7 40. Kg3 Kd7 41. Kf3 Kc7 42. Rb3 Kb6 43. Rbxa3 Nxa3 44. Rxa3 b4 45. Ra8 c5 46. dxc5+ dxc5 47. Rb8+ Kc7 48. Rb5 d4 49. Rxc5+ Kb6 50. Rc4 dxe3 51. Rxb4+ Kc5 52. Re4 exf2 53. Kxf2 h5 54. Kf3 Kd5 55. Ra4 Ke5 56. Ra5+ Kd6 57. Ke4 h4 58. Rd5+ Ke7 59. Rd1 Ke8 60. Kf4 Ke7 61. Kg4 Ke8 62. Kh5 Ke7 63. Kg6 Ke8 1/2-1/2

[Event "26th Klatovy A 2018"]
[Site "Klatovy CZE"]
[Date "2018.06.30"]
[Round "1.42"]
[White "Paldus, Jan"]
[Black "Hulin, Petr"]
[Result "1/2-1/2"]
[WhiteElo "1778"]
[BlackElo "2090"]
[PlyCount "64"]
[EventDate "2018.06.30"]
[EventType "swiss"]
[EventRounds "9"]
[EventCountry "CZE"]

1. e4 c5 2. Nf3 e6 3. d4 cxd4 4. Nxd4 a6 5. Nc3 Qc7 6. Be3 Nf6 7. Be2 Nc6 8. Nxc6 bxc6 9. Bf3 Rb8 10. Rb1 d5 11. Qd2 Bb4 12. exd5 exd5 13. O-O O-O 14. Bf4 Bd6 15. Bxd6 Qxd6 16. Ne2 Ng4 17. Bxg4 Bxg4 18. h3 Bf5 19. b3 Rfe8 20. Ng3 Bg6 21. Rfd1 Qa3 22. Ra1 Qc5 23. Rac1 Rbd8 24. c3 Rd7 25. b4 Qc4 26. Qd4 Rde7 27. Qxc4 dxc4 28. Rd6 Re6 29. Rxe6 Rxe6 30. Rd1 Bd3 31. f3 Kf8 32. Kf2 c5 1/2-1/2

[Event "26th Klatovy A 2018"]
[Site "Klatovy CZE"]
[Date "2018.06.30"]
[Round "1.43"]
[White "Hajek, Jiri2"]
[Black "Hlavina, Matous"]
[Result "0-1"]
[WhiteElo "2081"]
[BlackElo "1776"]
[PlyCount "68"]
[EventDate "2018.06.30"]
[EventType "swiss"]
[EventRounds "9"]
[EventCountry "CZE"]

1. e4 e6 2. d4 d5 3. Nc3 Nf6 4. Bd3 Bb4 5. exd5 Qxd5 6. Nf3 Nbd7 7. O-O Qa5 8. Ne2 Bd6 9. c3 c5 10. dxc5 Qxc5 11. Be3 Qc7 12. h3 b6 13. Nfd4 a6 14. a4 Bb7 15. a5 b5 16. Bxb5 axb5 17. Nxb5 Bh2+ 18. Kh1 Qc6 19. f3 Qxb5 20. Kxh2 Rxa5 21. Rxa5 Qxa5 22. Qc2 O-O 23. c4 Rc8 24. Bd2 Qc7+ 25. Bf4 Qxc4 26. Qd2 Ba6 27. Rc1 Qa4 28. Nc3 Qc4 29. Qd1 Rc6 30. Qd2 h6 31. Rd1 Nd5 32. Ne4 Qc2 33. Qd4 Rc4 34. Qg1 Nxf4 0-1

[Event "26th Klatovy A 2018"]
[Site "Klatovy CZE"]
[Date "2018.06.30"]
[Round "1.44"]
[White "Vartazaryan, Gor"]
[Black "Kopriva, Martin"]
[Result "0-1"]
[WhiteElo "1775"]
[BlackElo "2068"]
[PlyCount "56"]
[EventDate "2018.06.30"]
[EventType "swiss"]
[EventRounds "9"]
[EventCountry "CZE"]

1. e4 g6 2. d4 Bg7 3. Nc3 d6 4. Be3 c6 5. Qd2 Qc7 6. O-O-O b5 7. f4 Nf6 8. Bd3 Nbd7 9. h3 b4 10. Nce2 a5 11. g4 O-O 12. Ng3 c5 13. dxc5 Nxc5 14. g5 Nxd3+ 15. Qxd3 Ba6 16. Qd2 Nd7 17. Nf3 a4 18. Kb1 Bc4 19. Bd4 e5 20. fxe5 dxe5 21. Be3 Be6 22. h4 Qc4 23. b3 Qa6 24. Qd6 Qa5 25. Rd5 Bxd5 26. Qxd5 axb3 27. Qxb3 Rfc8 28. Ne2 Qb5 0-1

[Event "26th Klatovy A 2018"]
[Site "Klatovy CZE"]
[Date "2018.06.30"]
[Round "1.45"]
[White "Novy, Vaclav"]
[Black "Nechutny, Michal"]
[Result "1-0"]
[WhiteElo "2065"]
[BlackElo "1746"]
[PlyCount "73"]
[EventDate "2018.06.30"]
[EventType "swiss"]
[EventRounds "9"]
[EventCountry "CZE"]

1. e4 c5 2. Nf3 Nc6 3. Bb5 d6 4. h3 g6 5. O-O Bg7 6. c3 Nf6 7. d4 cxd4 8. cxd4 Bd7 9. Nc3 O-O 10. Bg5 a6 11. Ba4 Rc8 12. e5 Ne8 13. Nd5 f6 14. exf6 Nxf6 15. Nxf6+ exf6 16. Bf4 Qc7 17. Rc1 Qb8 18. Qb3+ Kh8 19. Qb6 Rfd8 20. Rc3 Be8 21. Rb3 Bf7 22. Rc3 Qc7 23. Qxc7 Rxc7 24. Rfc1 Bd5 25. Bb3 Bxb3 26. Rxb3 Re7 27. d5 Ne5 28. Nd4 Rb8 29. Rcc3 Rbe8 30. Rb6 Rd7 31. Ne6 Kg8 32. Rc7 Rxc7 33. Nxc7 Re7 34. Rxb7 Rd7 35. Rb8+ Kf7 36. Nxa6 Nd3 37. Be3 1-0

[Event "26th Klatovy A 2018"]
[Site "Klatovy CZE"]
[Date "2018.06.30"]
[Round "1.46"]
[White "Lhotska, Anna"]
[Black "Vevera, Radek"]
[Result "0-1"]
[WhiteElo "1689"]
[BlackElo "2064"]
[PlyCount "74"]
[EventDate "2018.06.30"]
[EventType "swiss"]
[EventRounds "9"]
[EventCountry "CZE"]

1. d4 Nf6 2. Bf4 g6 3. e3 Bg7 4. Nf3 d6 5. Nbd2 Nh5 6. Bg5 h6 7. Bh4 g5 8. Bg3 Nxg3 9. hxg3 Bg4 10. c3 Nd7 11. Qb3 Rb8 12. Bc4 e6 13. Bd3 Qe7 14. Qc2 e5 15. O-O-O b5 16. Be4 O-O 17. Rh2 Nb6 18. Rdh1 f5 19. Qb3+ Qf7 20. Bc2 Nc4 21. a4 a6 22. axb5 axb5 23. Qb4 Rfc8 24. Qb3 c5 25. Bd3 Bxf3 26. Nxf3 e4 27. Nxg5 hxg5 28. Be2 cxd4 29. exd4 d5 30. Bh5 Qe6 31. Kd1 b4 32. Qc2 bxc3 33. bxc3 Rb2 34. Qc1 e3 35. Re1 exf2 36. Rxe6 f1=Q+ 37. Re1 Qd3+ 0-1

[Event "26th Klatovy A 2018"]
[Site "Klatovy CZE"]
[Date "2018.07.01"]
[Round "2.3"]
[White "Hadraba, Vladimir"]
[Black "Xu, XianLiang"]
[Result "0-1"]
[WhiteElo "2192"]
[BlackElo "2430"]
[PlyCount "66"]
[EventDate "2018.06.30"]
[EventType "swiss"]
[EventRounds "9"]
[EventCountry "CZE"]

1. e4 c5 2. Nf3 g6 3. d4 cxd4 4. Nxd4 Nc6 5. Nc3 Bg7 6. Be3 Nf6 7. Nb3 O-O 8. Be2 d6 9. f4 e5 10. O-O exf4 11. Bxf4 Re8 12. Bf3 Qb6+ 13. Kh1 Ne5 14. Bg5 Nfg4 15. Qe2 Be6 16. Nd5 Bxd5 17. exd5 Nxf3 18. Qxf3 f5 19. c3 Rac8 20. h3 Ne5 21. Qf2 Qxf2 22. Rxf2 h6 23. Bf4 Nd3 24. Rf3 Nxb2 25. Bxd6 Rcd8 26. Bc5 b6 27. Bd4 Rxd5 28. Bxg7 Kxg7 29. Nd4 Re4 30. Rb1 Nc4 31. Rd1 Kh7 32. Kh2 b5 33. Rdd3 Ne5 0-1

[Event "26th Klatovy A 2018"]
[Site "Klatovy CZE"]
[Date "2018.07.01"]
[Round "2.5"]
[White "Eret, Matous"]
[Black "Pulpan, Jakub"]
[Result "0-1"]
[WhiteElo "2184"]
[BlackElo "2386"]
[PlyCount "84"]
[EventDate "2018.06.30"]
[EventType "swiss"]
[EventRounds "9"]
[EventCountry "CZE"]

1. b3 e5 2. Bb2 Nc6 3. g3 d5 4. Bg2 Nf6 5. d3 Bf5 6. Nf3 Bd6 7. Nbd2 Qd7 8. Nh4 Be6 9. c4 d4 10. a3 a5 11. Qc2 Bh3 12. O-O Bxg2 13. Kxg2 g5 14. Nhf3 g4 15. Ng5 h5 16. e3 Rg8 17. Nge4 Nxe4 18. Nxe4 Be7 19. exd4 Nxd4 20. Bxd4 Qxd4 21. Rad1 O-O-O 22. b4 Qb6 23. Qa4 f5 24. Nc3 Qc6+ 25. Qxc6 bxc6 26. Na2 Kd7 27. d4 e4 28. d5 c5 29. b5 h4 30. Nc3 Bd6 31. Rfe1 Rg7 32. Ne2 Rh8 33. Nf4 hxg3 34. hxg3 Bxf4 35. gxf4 Rh3 36. Rh1 Rf3 37. d6 g3 38. dxc7+ Kxc7 39. fxg3 Rgxg3+ 40. Kh2 Rh3+ 41. Kg2 Rfg3+ 42. Kf2 e3+ 0-1

[Event "26th Klatovy A 2018"]
[Site "Klatovy CZE"]
[Date "2018.07.01"]
[Round "2.6"]
[White "Straka, Vojtech"]
[Black "Simunek, Filip"]
[Result "1-0"]
[WhiteElo "2379"]
[BlackElo "2184"]
[PlyCount "91"]
[EventDate "2018.06.30"]
[EventType "swiss"]
[EventRounds "9"]
[EventCountry "CZE"]

1. d4 Nf6 2. Nf3 g6 3. c4 Bg7 4. Nc3 d5 5. Bg5 Ne4 6. Bh4 Nxc3 7. bxc3 c5 8. cxd5 Qxd5 9. e3 Nc6 10. Be2 O-O 11. O-O Re8 12. Bg3 Qd8 13. Rb1 a6 14. Qa4 Bd7 15. Qa3 cxd4 16. cxd4 b5 17. Rbc1 Qb6 18. d5 Nb8 19. Bc7 Qf6 20. Ne5 b4 21. Qxb4 Bb5 22. Bxb5 axb5 23. Bxb8 Raxb8 24. Nd7 Qb2 25. Qxb2 Bxb2 26. Rb1 Rbd8 27. Rxb2 Rxd7 28. Rxb5 Ra8 29. Ra1 Rda7 30. Rb2 f5 31. Kf1 Kf7 32. Ke2 Kf6 33. f4 Ra5 34. Rd2 R8a6 35. Kf3 Ra4 36. h3 h5 37. g4 hxg4+ 38. hxg4 Kf7 39. Rh2 R6a5 40. Rh7+ Ke8 41. gxf5 gxf5 42. d6 Re4 43. Rd1 exd6 44. Rb1 Kf8 45. Rb8+ Re8 46. Rh8+ 1-0

[Event "26th Klatovy A 2018"]
[Site "Klatovy CZE"]
[Date "2018.07.01"]
[Round "2.7"]
[White "Simet, Martin"]
[Black "Simek, Petr1"]
[Result "1/2-1/2"]
[WhiteElo "2182"]
[BlackElo "2354"]
[PlyCount "69"]
[EventDate "2018.06.30"]
[EventType "swiss"]
[EventRounds "9"]
[EventCountry "CZE"]

1. e4 c5 2. Nf3 Nc6 3. d4 cxd4 4. Nxd4 Nf6 5. Nc3 e5 6. Ndb5 d6 7. Bg5 a6 8. Bxf6 gxf6 9. Na3 f5 10. Qh5 b5 11. Naxb5 Be7 12. Bc4 O-O 13. Na3 Nd4 14. Bd3 d5 15. Nxd5 Bxa3 16. bxa3 fxe4 17. Qxe5 exd3 18. Ne7+ Qxe7 19. Qxe7 Nxc2+ 20. Kd2 Bf5 21. Qf6 Bg6 22. f4 Nxa1 23. Rxa1 Rfe8 24. f5 Re2+ 25. Kxd3 Re6 26. Qg5 h6 27. Qg4 Rd8+ 28. Kc3 Rc8+ 29. Kb3 h5 30. Qxg6+ Rxg6 31. fxg6 fxg6 32. Rd1 Kg7 33. Rd6 Rb8+ 34. Kc3 Rf8 35. Rd2 1/2-1/2

[Event "26th Klatovy A 2018"]
[Site "Klatovy CZE"]
[Date "2018.07.01"]
[Round "2.8"]
[White "Hollan, Martin"]
[Black "Hurdzan, Tomas"]
[Result "1-0"]
[WhiteElo "2341"]
[BlackElo "2164"]
[PlyCount "113"]
[EventDate "2018.06.30"]
[EventType "swiss"]
[EventRounds "9"]
[EventCountry "CZE"]

1. c4 e6 2. Nc3 d5 3. d4 Nf6 4. Bg5 Be7 5. e3 O-O 6. cxd5 exd5 7. Bd3 Nbd7 8. Nge2 Re8 9. O-O Nf8 10. b4 Ne6 11. Bxf6 Bxf6 12. Qb3 c6 13. a4 Qd6 14. a5 Bd7 15. b5 Be7 16. a6 b6 17. bxc6 Bxc6 18. Bb5 Red8 19. Rfc1 Rac8 20. Bxc6 Qxc6 21. Nb5 Qd7 22. Rxc8 Rxc8 23. Nec3 Rd8 24. Na4 Rc8 25. Nb2 Nf8 26. Nd3 Ng6 27. Rc1 Rxc1+ 28. Nxc1 Qc8 29. Nc3 Qxa6 30. Nxd5 Bf8 31. Nc3 Qb7 32. Nd3 a6 33. g3 b5 34. h4 Qf3 35. Nd5 Bd6 36. Ne1 Qe2 37. Ng2 h5 38. Nc3 Qf3 39. Ne1 Qg4 40. Qd5 Bf8 41. Nf3 Ne7 42. Qb7 b4 43. Ne5 Qc8 44. Qxb4 Nd5 45. Qb3 Nxc3 46. Qxf7+ Kh7 47. Qxh5+ Kg8 48. Qf7+ Kh7 49. Nd7 Kh8 50. Nxf8 Qg4 51. Ng6+ Kh7 52. Ne5 Qd1+ 53. Kg2 Ne2 54. Nf3 Qb1 55. Qh5+ Kg8 56. Qe8+ Kh7 57. Ng5+ 1-0